ბათუმის შოთა რუსთაველის სახელმწიფო უნივერსიტეტის ბიბლიოთეკა

მეტყველების განვითარების ზოგიერთი საკითხი საშუალო სკოლაში / (ბიბ.ჩანაწერი № 53276)

000 -ლიდერი
ფიქსირებული სიგრძის საკონტროლო ველი 01382nam a2200289Ia 4500
001 - საკონტროლო ნომერი
საკონტროლო ველი 20317
003 - საკონტროლო ნომრის იდენტიფიკატორი
საკონტროლო ველი GE_BSU
005 - ბოლო ოპერაციის თარიღი და დრო
საკონტროლო ველი 20200906230509.0
008 - ფიქსირებული სიგრძის მონაცემთა ელემენტები - ზოგადი ინფორმაცია
ფიქსირებული სიგრძის საკონტროლო ველი 181216s1952||||ge |||||||||||||| ||geo||
040 ## - კატალოგიზაციის წყარო
Transcribing agency GE_BSU
041 ## - ენის კოდი
Language code of text/sound track or separate title geo
080 ## - უნივერსალური ათობითი კლასიფიკაციის ინდექსი
Universal Decimal Classification number 373.5.016 : 82.05 რ-21
100 ## - მთავარი ჩანაწერი - პიროვნების სახელი
Personal name რამიშვილი, ვ.
9 (RLIN) 6912
245 ## - ცნობა სათაურის შესახებ
Title მეტყველების განვითარების ზოგიერთი საკითხი საშუალო სკოლაში /
Statement of responsibility, etc ვ. რამიშვილი ; რედ. ვ.მახარაძე.
260 ## - გამოქვეყნების, გავრცელების, და სხვა. ცნობები
Place of publication, distribution, etc თბილისი
260 ## - გამოქვეყნების, გავრცელების, და სხვა. ცნობები
Name of publisher, distributor, etc ინსტიტუტის გამომცემლობა
260 ## - გამოქვეყნების, გავრცელების, და სხვა. ცნობები
Date of publication, distribution, etc 1952
300 ## - ფიზიკური აღწერა
Extent 72გვ. ; 22სმ..
300 ## - ფიზიკური აღწერა
Other physical details ბიბლიოგრ. შენიშვნებში
653 ## - INDEX TERM--UNCONTROLLED
Uncontrolled term მეტყველების განვითარება საშუალო სკოლაში;
653 ## - INDEX TERM--UNCONTROLLED
Uncontrolled term პედაგოგიკა
700 ## - ADDED ENTRY--PERSONAL NAME
Personal name მახარაძე, ვ.
Relator term რედაქტორი
9 (RLIN) 9411
710 ## - ADDED ENTRY--CORPORATE NAME
Corporate name or jurisdiction name as entry element საქართველოს სსრ განათლების სამინისტრო
9 (RLIN) 9412
710 ## - ADDED ENTRY--CORPORATE NAME
Corporate name or jurisdiction name as entry element პედაგოგიურ მეცნიერებათა ინსტიტუტი
9 (RLIN) 9341
942 ## - ADDED ENTRY ELEMENTS (KOHA)
Koha item type წიგნი
Source of classification or shelving scheme
ეგზემპლარები
ჩამოწერის სტატუსი დაკარგული ეგზემპლარის სტატუსი კლასიფიკაციის წყარო ან თაროზე გაწყობის სქემა დაზიანების სტატუსი არ გაიცემა მუდმივი მდებარეობა (დაცვის ადგილი) ამჟამინდელი ადგილსამყოფელი თაროზე განთავსების ადგილი შეძენის თარიღი ღირებულება, შესყიდვის ნორმალური ფასი სრული შენახვის შიფრი შტრიხკოდი ბოლო ოპერაციის თარიღი ეგზემპლარის მიმდევრობითი ნომერი (კეტერი?) ფასის ძალაში შესვლის თარიღი ეგზემპლარის სახეობა საჯარო შენიშვნა
          ბათუმის შოთა რუსთაველის სახელმწიფო უნივერსიტეტის მთავარი ბიბლიოთეკა ბათუმის შოთა რუსთაველის სახელმწიფო უნივერსიტეტის მთავარი ბიბლიოთეკა წიგნსაცავი 2018-12-17 0.38 373.5.016 : 82.05 რ-21 53082 2018-12-17 53082 2018-12-17 წიგნი 0.38 ლ.
          ბათუმის შოთა რუსთაველის სახელმწიფო უნივერსიტეტის მთავარი ბიბლიოთეკა ბათუმის შოთა რუსთაველის სახელმწიფო უნივერსიტეტის მთავარი ბიბლიოთეკა წიგნსაცავი 2018-12-17 0.38 373.5.016 : 82.05 რ-21 53083 2018-12-17 53083 2018-12-17 წიგნი 0.38 ლ.
          ბათუმის შოთა რუსთაველის სახელმწიფო უნივერსიტეტის მთავარი ბიბლიოთეკა ბათუმის შოთა რუსთაველის სახელმწიფო უნივერსიტეტის მთავარი ბიბლიოთეკა წიგნსაცავი 2018-12-17 0.38 373.5.016 : 82.05 რ-21 53084 2018-12-17 53084 2018-12-17 წიგნი 0.38 ლ.
          ბათუმის შოთა რუსთაველის სახელმწიფო უნივერსიტეტის მთავარი ბიბლიოთეკა ბათუმის შოთა რუსთაველის სახელმწიფო უნივერსიტეტის მთავარი ბიბლიოთეკა წიგნსაცავი 2018-12-17 0.38 373.5.016 : 82.05 რ-21 53085 2018-12-17 53085 2018-12-17 წიგნი 0.38 ლ.
          ბათუმის შოთა რუსთაველის სახელმწიფო უნივერსიტეტის მთავარი ბიბლიოთეკა ბათუმის შოთა რუსთაველის სახელმწიფო უნივერსიტეტის მთავარი ბიბლიოთეკა წიგნსაცავი 2018-12-17 0.38 373.5.016 : 82.05 რ-21 53086 2018-12-17 53086 2018-12-17 წიგნი 0.38 ლ.
          ბათუმის შოთა რუსთაველის სახელმწიფო უნივერსიტეტის მთავარი ბიბლიოთეკა ბათუმის შოთა რუსთაველის სახელმწიფო უნივერსიტეტის მთავარი ბიბლიოთეკა წიგნსაცავი 2018-12-17 0.38 373.5.016 : 82.05 რ-21 53087 2018-12-17 53087 2018-12-17 წიგნი 0.38 ლ.
          ბათუმის შოთა რუსთაველის სახელმწიფო უნივერსიტეტის მთავარი ბიბლიოთეკა ბათუმის შოთა რუსთაველის სახელმწიფო უნივერსიტეტის მთავარი ბიბლიოთეკა წიგნსაცავი 2018-12-17 0.38 373.5.016 : 82.05 რ-21 53088 2018-12-17 53088 2018-12-17 წიგნი 0.38 ლ.
          ბათუმის შოთა რუსთაველის სახელმწიფო უნივერსიტეტის მთავარი ბიბლიოთეკა ბათუმის შოთა რუსთაველის სახელმწიფო უნივერსიტეტის მთავარი ბიბლიოთეკა წიგნსაცავი 2018-12-17 0.38 373.5.016 : 82.05 რ-21 53089 2018-12-17 53089 2018-12-17 წიგნი 0.38 ლ.
          ბათუმის შოთა რუსთაველის სახელმწიფო უნივერსიტეტის მთავარი ბიბლიოთეკა ბათუმის შოთა რუსთაველის სახელმწიფო უნივერსიტეტის მთავარი ბიბლიოთეკა წიგნსაცავი 2018-12-17 0.38 373.5.016 : 82.05 რ-21 53090 2018-12-17 53090 2018-12-17 წიგნი 0.38 ლ.
          ბათუმის შოთა რუსთაველის სახელმწიფო უნივერსიტეტის მთავარი ბიბლიოთეკა ბათუმის შოთა რუსთაველის სახელმწიფო უნივერსიტეტის მთავარი ბიბლიოთეკა წიგნსაცავი 2018-12-17 0.38 373.5.016 : 82.05 რ-21 53091 2018-12-17 53091 2018-12-17 წიგნი 0.38 ლ.
          ბათუმის შოთა რუსთაველის სახელმწიფო უნივერსიტეტის მთავარი ბიბლიოთეკა ბათუმის შოთა რუსთაველის სახელმწიფო უნივერსიტეტის მთავარი ბიბლიოთეკა წიგნსაცავი 2018-12-17 0.38 373.5.016 : 82.05 რ-21 53092 2018-12-17 53092 2018-12-17 წიგნი 0.38 ლ.
          ბათუმის შოთა რუსთაველის სახელმწიფო უნივერსიტეტის მთავარი ბიბლიოთეკა ბათუმის შოთა რუსთაველის სახელმწიფო უნივერსიტეტის მთავარი ბიბლიოთეკა წიგნსაცავი 2018-12-17 0.38 373.5.016 : 82.05 რ-21 55932 2018-12-17 55932 2018-12-17 წიგნი 0.38 ლ.